[Event "Stein am Rhein op 12th"]
[Site "Stein am Rhein"]
[Date "2021.11.05"]
[Round "1"]
[White "Devnani, Kush"]
[Black "Gashi, Arsim"]
[Result "1-0"]
[WhiteElo "1904"]
[BlackElo "1503"]
[PlyCount "35"]
[EventDate "2021.11.05"]
[EventType "swiss"]
[EventRounds "5"]
[EventCountry "SUI"]
[SourceTitle "EXT 2023"]
[Source "ChessBase"]
[SourceDate "2022.10.05"]
[SourceVersion "1"]
[SourceVersionDate "2022.10.05"]
[SourceQuality "1"]

1. d4 d5 2. Nf3 Nf6 3. c4 e6 4. g3 c6 5. Bg2 dxc4 6. 0-0 Bd6 7. Nfd2 b5 8. a4 Nd5 9. axb5 Qb6 10. Nxc4 Qc7 11. e4 Nb6 12. Nxd6+ Qxd6 13. b3 0-0 14. Ba3 Qc7 15. Bxf8 Kxf8 16. Nc3 c5 17. dxc5 Qxc5 18. Qd8# 1-0